Anatomy of architecture / (Record no. 10071)
[ view plain ]
| 000 -LEADER | |
|---|---|
| fixed length control field | 00916cam a22003135a 4500 |
| 001 - CONTROL NUMBER | |
| control field | 000003168991 |
| 003 - CONTROL NUMBER IDENTIFIER | |
| control field | EG-ScBUE |
| 005 - DATE AND TIME OF LATEST TRANSACTION | |
| control field | 20221020100535.0 |
| 008 - FIXED-LENGTH DATA ELEMENTS--GENERAL INFORMATION | |
| fixed length control field | 800331t1979 enka f bd 00110 eng d |
| 020 ## - INTERNATIONAL STANDARD BOOK NUMBER | |
| International Standard Book Number | 0600303853 |
| 040 ## - CATALOGING SOURCE | |
| Original cataloging agency | DLC |
| Language of cataloging | eng |
| Description conventions | rda |
| Transcribing agency | CaOONLB |
| Modifying agency | CaACU |
| -- | CaOONL |
| -- | EG-ScBUE |
| 082 04 - DEWEY DECIMAL CLASSIFICATION NUMBER | |
| Classification number | 720.9 |
| Item number | MAN |
| Edition number | 22 |
| 100 1# - MAIN ENTRY--PERSONAL NAME | |
| Personal name | Mansell, George, |
| Relator term | author. |
| 245 10 - TITLE STATEMENT | |
| Title | Anatomy of architecture / |
| Statement of responsibility, etc | George Mansell. |
| 264 #1 - PUBLICATION, DISTRIBUTION, ETC. (IMPRINT) | |
| Place of publication, distribution, etc | London : |
| Name of publisher, distributor, etc | Hamlyn, |
| Date of publication, distribution, etc | [1979] |
| 264 #4 - PUBLICATION, DISTRIBUTION, ETC. (IMPRINT) | |
| Date of publication, distribution, etc | c1979 |
| 300 ## - PHYSICAL DESCRIPTION | |
| Extent | 192 pages : |
| Other physical details | illustrations (some color) ; |
| Dimensions | 33 cm |
| 500 ## - GENERAL NOTE | |
| General note | Includes glossary.<br/> |
| 504 ## - BIBLIOGRAPHY, ETC. NOTE | |
| Bibliography, etc | Includes bibliographical references and index.<br/> |
| 590 ## - LOCAL NOTE (RLIN) | |
| Local note | yassmeen ashraf |
| 650 #7 - SUBJECT ADDED ENTRY--TOPICAL TERM | |
| Topical term or geographic name as entry element | Architecture |
| General subdivision | History. |
| Source of heading or term | BUEsh |
| 650 #7 - SUBJECT ADDED ENTRY--TOPICAL TERM | |
| Topical term or geographic name as entry element | Architecture |
| General subdivision | Histoire. |
| Source of heading or term | BUEsh |
| 651 ## - SUBJECT ADDED ENTRY--GEOGRAPHIC NAME | |
| Source of heading or term | BUEsh |
| 653 ## - INDEX TERM--UNCONTROLLED | |
| Resource For college | Engineering, Architecture |
| Arrived date list | August2015 |
| 655 ## - INDEX TERM--GENRE/FORM | |
| Form subdivision | Reading book |
| 942 ## - ADDED ENTRY ELEMENTS (KOHA) | |
| Source of classification or shelving scheme | Dewey Decimal Classification |
| Koha item type | Book - Borrowing |
| Withdrawn status | Lost status | Source of classification or shelving scheme | Damaged status | Not for loan | Home library | Current library | Shelving location | Date acquired | Source of acquisition | Total Checkouts | Total Renewals | Full call number | Barcode | Date last seen | Date checked out | Uniform Resource Identifier | Cost, replacement price | Koha item type |
|---|---|---|---|---|---|---|---|---|---|---|---|---|---|---|---|---|---|---|
| Dewey Decimal Classification | Central Library | Central Library | Second Floor | 04/08/2008 | 2 | 16 | 720.9 MAN | 000013479 | 15/07/2025 | 10/04/2011 | 13856 | 2008.00 | Book - Borrowing |